Szczegóły MARC21

Przeciw przemocy w szkole : literatura biblioterapeutyczna /

003 -Nazwa inst., której nr kontr. jest w polu 001 [,]
    • @
    • Nazwa instytucji, której n kontrolny jest w polu 001
    • NUKAT
005 -DATA I CZAS OSTATNIEJ MODYFIKACJI [,]
    • @
    • pole kontrolne
    • 20241231100233.0
020 -Międzynarod. znormalizowany nr książki - ISBN [ , ]
    • a
    • Numer ISBN
    • 9788361849773 Find
040 -Instytucja sporządzająca opis [ , ]
    • a
    • Instytucja, która sporządziła opis (NP)
    • WR U/jlk
    • c
    • Instytucja, która sporządziła rekord (NP)
    • WR U/jlk
    • d
    • Instytucja, która zmodyfikowała rekord (P)
    • WR U/jd
    • d
    • Instytucja, która zmodyfikowała rekord (P)
    • LUBL U/PAs
942 -Rodzaj dokumentu [ , ]
    • c
    • Rodzaj dokumentu
    • Książka
100 -Hasło główne - nazwa osobowa [1, ]
    • a
    • Nazwa osobowa (NP)
    • Szefler, Elżbieta.
    • 9
    • KHW
    • 24982
245 -Strefa tytułu i oznaczenia odpowiedzialności [1,0]
    • a
    • Tytuł
    • Przeciw przemocy w szkole : Find
    • b
    • Ciąg dalszy tytułu (NP)
    • literatura biblioterapeutyczna / Find
    • c
    • Pozostałe elementy strefy tytułu i oznaczenia odpowiedzialności (NP)
    • Elżbieta Szefler ; [Państwowa Agencja Rozwiązywania Problemów Alkoholowych].
246 -Wariant tytułu [1,4]
    • a
    • Tytuł (NP)
    • Profilaktyka na co dzień :
    • b
    • Ciąg dalszy tytułu (NP)
    • przeciw przemocy w szkole
260 -Strefa adresu wydawniczego [ , ]
    • a
    • Miejsce wydania (P)
    • Warszawa :
    • b
    • Nazwa wydawcy (P)
    • Wydawnictwo Edukacyjne Parpamedia,
    • c
    • Data wydania (P)
    • 2010.
300 -Strefa opisu fizycznego [ , ]
    • a
    • Określenie formy książki i/lub objętość (NP)
    • 101 s. ;
    • c
    • Format (NP)
    • 21 cm.
336 -Typ zawartości [ , ]
    • a
    • Termin opisujący typ zawartości
    • Tekst
    • b
    • Kod określający zawartość
    • txt
    • 2
    • Źródło (terminu i kodu)
    • rdacontent
337 -Typ mediów [ , ]
    • a
    • Tryb odtwarzania
    • Bez urządzenia pośredniczącego
    • b
    • Kod typu mediów
    • n
    • 2
    • Źródło (terminu i kodu)
    • rdamedia
338 -Typ/rodzaj nośnika [ , ]
    • a
    • Hasło opisujące typ nośnika
    • Wolumin
    • b
    • Kod typu nośnika
    • nc
    • 2
    • Źródło (terminu i kodu)
    • rdacarrier
504 -Uwaga dot. bibliogr. załącznikowej [ , ]
    • a
    • Uwaga dot. bibliografii załącznikowej
    • Bibliogr. s. 88-100.
080 -Uniwersalna Klasyfikacja Dziesiętna [ , ]
    • 2
    • Identyfikator wydania tablic
    • UDC-P058
    • 9
    • UKD
    • 3861
    • a
    • Symbol klasyfikacji
    • 37.064.3
    • b
    • Dopowiedzenie
    • Relacje wzajemne między uczniami. Przemoc w szkole.
080 -Uniwersalna Klasyfikacja Dziesiętna [ , ]
    • 2
    • Identyfikator wydania tablic
    • UDC-P058
    • 9
    • UKD
    • 22248
    • a
    • Symbol klasyfikacji
    • 615.851:028
    • b
    • Dopowiedzenie
    • Biblioterapia.
650 -Hasło przedmiotowe [ ,7]
    • a
    • Hasło przedmiotowe
    • Biblioterapia
    • v
    • Określnik formalny
    • bibliografia.
    • 2
    • Źródło terminu
    • kaba
    • 9
    • KHW
    • 680041
650 -Hasło przedmiotowe [ ,7]
    • a
    • Hasło przedmiotowe
    • Biblioterapia dla nastolatków.
    • 2
    • Źródło terminu
    • kaba
    • 9
    • KHW
    • 168410
650 -Hasło przedmiotowe [ ,7]
    • a
    • Hasło przedmiotowe
    • Mobbing w szkole
    • x
    • Określnik rzeczowy
    • zapobieganie.
    • 2
    • Źródło terminu
    • kaba
    • 9
    • KHW
    • 372799
980 -Symbol UKD [ , ]
    • a
    • UKD
    • 37.064.3:615.851:028
710 -Hasło dodatkowe - nazwa ciała zbiorowego [2, ]
    • a
    • Nazwa ciała zbiorowego lub nazwa geograficzna jako pierwszy element (NP)
    • Wydawnictwo Edukacyjne PARPAMEDIA.
    • 4
    • Kod relacji
    • pbl
    • 9
    • KHW
    • 429310
920 -ISBN [ , ]
    • a
    • ISBN
    • 978-83-61849-77-3 Find
Lokalizacja Data inwentaryzacji Status udost. Numer inwentarzowy
BG2011-06-011Z.115471